Statistics for Most Pirated Games of all time

Click here to take the quiz!

General Stats

  • This quiz has been taken 15 times
  • The average score is 5 of 10

Answer Stats

Answer % Correct
Call of Duty: Black Ops
100%
Call of Duty: Modern Warfare 2
77%
Sims 3
62%
Mafia II
54%
Starcraft 2
46%
Prototype
38%
Need For Speed: Shift
38%
Battlefield: Bad Company 2
31%
Mass Effect 2
31%
Street Fighter IV
31%

Score Distribution

Percentile by Number Answered

Percent of People with Each Score

Your Score History

You have not taken this quiz